Geography Quiz

Random Geography or City Quiz

U.S. City by Exit Sign Quiz Stats

Quiz Updated Mar 27, 2015

Challenge
Share
Tweet
Score 0/30 Timer 07:00
5 Plays Today
% Correct
New York
89.7%
Philadelphia
86.6%
Buffalo
85.3%
Seattle
84.4%
Denver
83.8%
Dallas
81.4%
Orlando
78%
Detroit
77.9%
Baltimore
77.8%
Nashville
77.6%
New Orleans
76.8%
Cleveland
76.3%
Honolulu
72.8%
Chicago
71.3%
Miami
70%
% Correct
Louisville
69.4%
Boston
67.6%
Albuquerque
64.1%
San Diego
59.1%
San Antonio
58.4%
Milwaukee
57.2%
Atlanta
55.7%
St. Louis
52.9%
Phoenix
51.4%
Birmingham
46%
Memphis
42.3%
Omaha
41.3%
Indianapolis
40.1%
Oklahoma City
34.5%
Salt Lake City
34.4%

You're not logged in!

Compare scores with friends on all Sporcle quizzes.
Sign Up with Email
OR
Log In

You Might Also Like...

Show Comments

Extras

Top Quizzes Today


Score Distribution

Your Account Isn't Verified!

In order to create a playlist on Sporcle, you need to verify the email address you used during registration. Go to your Sporcle Settings to finish the process.